Catalog

Record Details

Catalog Search



Available copies

  • 1 of 1 copy available at LARL/NWRL Consortium. (Show)
  • 1 of 1 copy available at Lake Agassiz Regional Library.

Current holds

0 current holds with 1 total copy.

Show Only Available Copies
Location Call Number / Copy Notes Barcode Shelving Location Status Due Date
Moorhead Public Library LARGE PRINT W KEL (Text) 33500013721717 Main Available -

Record details

  • ISBN: 9798885781657
  • Physical Description: 359 pages (large print) ; 22 cm.
  • Edition: Large print edition.
  • Publisher: Waterville, Maine : Wheeler Publishing, a part of Gale, a Cengage Company, 2022.

Content descriptions

Summary, etc.:
"Hewey Calloway, one of the best-loved cowboys in ... Read More
Cowboy Hewey Calloway travels to west Texas with ... Read More
Subject: Large type books.
Cattle drives > Fiction.
Texas, West > Fiction.
Ranch life > Fiction.
Brothers > Fiction.
Cowboys > Fiction.
Large type books.
Genre: Western fiction.
LDR 03330cam a22005178i 4500
001405382
003LARL_NWRL_CONSORTIUM
00520221220165803.0
008220407t20222005meu d 000 1 eng
010 . ‡a 2022016287
040 . ‡aDLC ‡beng ‡erda ‡cDLC ‡dOCLCO ‡dOCLCF ‡dKSL ‡dIUK ‡dSO$
020 . ‡a9798885781657 ‡q(trade paperback)
035 . ‡a(OCoLC)1310472796
042 . ‡apcc
08200. ‡a813/.6 ‡223
1001 . ‡aKelton, Elmer, ‡eauthor. ‡0(LARL_NWRL_CONSORTIUM)3989
24510. ‡aSix bits a day / ‡cElmer Kelton.
2463 . ‡a6 bits a day
250 . ‡aLarge print edition.
263 . ‡a2210
264 1. ‡aWaterville, Maine : ‡bWheeler Publishing, a part of Gale, a Cengage Company, ‡c2022.
264 4. ‡c©2005
300 . ‡a359 pages (large print) ; ‡c22 cm.
336 . ‡atext ‡btxt ‡2rdacontent
337 . ‡aunmediated ‡bn ‡2rdamedia
338 . ‡avolume ‡bnc ‡2rdacarrier
340 . ‡nlarge print ‡2rdafs
4900 . ‡aHewey Calloway ; ‡v3
520 . ‡a"Hewey Calloway, one of the best-loved cowboys in all of Western fiction, returns in this novel of his younger years as he and his beloved brother Walter leave the family farm in 1889 to find work in the West Texas cow country. The brothers are polar opposites. Walter pines for a sedate life as a farmer, with wife and children; Hewey is a fiddle-footed cowboy content to work at six bits--75 cents--a day on the Pecos River ranch owned by the penny-pinching C.C. Tarpley. Hewey, who "usually accepted the vagaries of life without getting his underwear in a twist," is fun-loving and whiskey-drinking. He spends every penny he earns and regularly gets into trouble with his boss--and occasionally with the law--often dragging innocent Walter along. When Walter falls in love with a boarding house girl and begins dreaming of a farmer's life, Hewey jumps at the chance to rescue him from this fate worse than death. He convinces Walter to join him on a mission for Tarpley, driving 600 head of cattle from beyond San Antonio to the Double-C ranch on the Pecos. The journey is both memorable and dangerous: a murderous outlaw is searching for Hewey; and another ruthless character is determined to sabotage the cattle drive. When the drovers reach the Pecos they find Boss Tarpley in the midst of a vicious range feud with Eli Jessup, a neighboring cowman. Hewey and his brother Walter have to get the herd safely across Jessup's land-but how?"-- ‡cProvided by publisher.
520 . ‡aCowboy Hewey Calloway travels to west Texas with his beloved brother, Walter, to find work, struggles to prevent his brother's ill-fated marriage, and drives six hundred head of cattle to a Pecos ranch in the face of dangerous challenges.
650 0. ‡aLarge type books. ‡0(LARL_NWRL_CONSORTIUM)24284
650 0. ‡aCattle drives ‡vFiction. ‡0(LARL_NWRL_CONSORTIUM)164138
651 0. ‡aTexas, West ‡vFiction.
650 0. ‡aRanch life ‡vFiction. ‡0(LARL_NWRL_CONSORTIUM)167010
650 0. ‡aBrothers ‡vFiction. ‡0(LARL_NWRL_CONSORTIUM)163686
650 0. ‡aCowboys ‡vFiction. ‡0(LARL_NWRL_CONSORTIUM)164139
650 7. ‡aLarge type books. ‡2fast ‡0(LARL_NWRL_CONSORTIUM)24284
655 7. ‡aWestern fiction. ‡2lcgft
901 . ‡a405382 ‡b ‡c405382 ‡tbiblio

Additional Resources